00317nam a22001091i 45000010005000001000041000052000041000462100029000872150027001162250031001437000033001741800 a20170304u u u0frey50 ba1 fGilberto FreyreaSobrados e mucambos cLivros do BrasilaLisboa a2 vol. (752 p.)d22 cm2 aLivros do Brasilv59, 59-A 1aFreyrebGilbertof1900 -1987